000 02352cam a2200421 a 4500
001 000007526
005 20240625135917.0
008 970730s1996 ve a b 001 0 spa d
020 _a9803450743
040 _aDO-SdBNP
_bspa
_cNOC
_dDLC
_dBNPHU
082 _aV864.44
_bE59
245 0 3 _aEl ensayo literario en Los Teques /
_cDaniuska González González ... [et al.] ; compilación y notas, Emilcen Rivero.
260 _aVenezuela :
_bAteneo de Los Teques,
_c1996.
300 _a149 p. :
_bil. ;
_c22 cm.
490 1 _aAteneo de Los Teques ;
_v27
504 _aIncluye referencias bibliográficas.
505 0 _aHector Enrique Díaz: el poeta vidente / Daniuska González -- Una antropología de lo cotidiano / Juan Carlos Santaella -- El hedonismo interior: en torno a El libro del desasosiego de Fernando Pessoa / Pedro Alzuru -- George Orwell: los secretos de una vida para el arte y la política / Rafael Romero -- Nietzsche y la tragedia griega / Emilcen Rivero -- La cultura y el arte en América Latina / Miguel Angel Pérez López -- Camus: la plenitud de Sísifo / César Gedler -- Rubenángel Hurtado: el poeta de Los Teques / Luis Abad C. -- Enforce gramsciano: la cultura, los intelectuales y el Estado / Carlos Mezones -- De cuando vivian los pájaros y otros poemas / Armando Hernández Quintero -- Arturo Uslar Pietri: novela e historia / Rosalina García -- La literatura: cómplice de la vida / Carmen Mannarino -- Disentir en la novela: cuatro novelistas venezolanos (1931-1940) / Yolanda Osuna.
650 4 _aEnsayos venezolanos
_94376
650 4 _aLiteratura venezolana
_93816
700 1 _aRivero, Emilcen,
_ecomp.
_d1954-
_920889
700 1 _aGonzález, Daniuska,
_d1967-
_913702
700 1 _aSantaella, Juan Carlos
_920891
700 1 _aAlzuru, Pedro
_920892
700 1 _aRomero, Rafael
_920893
700 1 _aRivero, Emilcen
_920894
700 1 _aPérez López, Miguel Angel
_920895
700 1 _aGedler, César
_920896
700 1 _aAbad, Luis
_920897
700 1 _aMezones, Carlos
_920898
700 1 _aHernández Quintero, Armando
_920899
700 1 _aGarcía, Rosalina
_914109
700 1 _aMannarino, Carmen
_920900
700 1 _aOzuna Yolanda
_920901
710 2 _aAteneo de Los Teques.
_920902
830 0 _aAteneo de Los Teques ;
_v27
_920903
910 _aCatalogación por copia / LC
049 _aBNGR
999 _c7307
_d7307